A banking thoroughbred
Saved in:
| Hovedforfatter: | |
|---|---|
| Format: | Bog |
| Sprog: | Chinese |
| Udgivet: |
Kuala Lumpur
Public Bank Berhad
2006
|
| Fag: | |
| Tags: |
Tilføj Tag
Ingen Tags, Vær først til at tagge denne postø!
|
| LEADER | 00929pam a2200217 4500 | ||
|---|---|---|---|
| 001 | 0000074123 | ||
| 008 | 120130s2006 my chi | ||
| 020 | |a 9839972251 | ||
| 090 | 0 | 0 | |a HG1552 |b .P33 2006 |
| 100 | 1 | |a Paddy, Bowie |9 105361 | |
| 245 | 1 | 2 | |a A banking thoroughbred |c /Paddy Bowie |
| 260 | |a Kuala Lumpur |b Public Bank Berhad |c 2006 | ||
| 300 | |a 439 p. |b ill. col. |c 24 cm | ||
| 500 | |a Judul asal : A banking thorouhgbred | ||
| 650 | 0 | |a Bankers |z Malaysia |x Biography |9 105362 | |
| 650 | 0 | |a Banks and banking |z Malaysia |x Biography |9 105363 | |
| 998 | 0 | 0 | |a rh/300112 |
| 999 | |c 73771 |d 73771 | ||
| 997 | |a GIFT | ||
| 952 | |0 0 |1 0 |2 lcc |4 0 |7 0 |9 100139 |a PLHKI |b PLHKI |c Open Shelf |d 2019-02-26 |e GIFT |g 0.00 |l 1 |o HG1552 P33 2006 |p 0000069399 |r 2014-09-24 |s 2014-09-24 |w 2019-02-26 |y BOK - OS | ||
| 952 | |0 0 |1 0 |2 lcc |4 0 |7 0 |9 100140 |a PLHKT |b PLHKT |c Open Shelf |d 2019-02-26 |e GIFT |g 0.00 |l 0 |o HG1552 P33 2006 |p 0000069400 |r 2012-11-26 |s 2012-11-26 |w 2019-02-26 |y BOK - OS | ||